00659nam a22001457a 450000500170000010000770001724501010009426000270019530000100022270000470023294200110027999900170029095201030030795201030041020260629103312.0 aShabeer Ahmed a19-17-MSIT-15aSupervisor - Dr. Saima Siraj Soomro91004 aExploring Wireless Body Area Networks: Architecture and Emerging Research Challenges (Thesis MS) aNawabshahbQUESTc2024 a113p. aDepartment of Information Technology 9954 cTHESIS c69065d69062 00104070aRESEARCHbRESEARCHd2026-06-29l0pMP/99-1452r2026-06-29 10:33:43w2026-06-29yTHESIS 00104070aRESEARCHbRESEARCHd2026-06-29l0pMP/99-1453r2026-06-29 10:33:43w2026-06-29yTHESIS